Science and civilization /

Bibliographic Details
Corporate Author: University of Wisconsin
Other Authors: Stauffer, R. C. (Robert C.), McKeon, Richard (Richard Peter), 1900-1985
Format: Book
Language:English
Published: Madison : University of Wisconsin Press, 1949.
Subjects:

MARC

Tag First Indicator Second Indicator Subfields
LEADER 00000cam a2200000 4500
001 in00000049173
005 20151007065705.0
008 751202s1949 wiu 00000 eng
010 |a  49050144  
035 |a (OCoLC)01868096 
035 |9 AAE2492AM 
040 |a DLC  |c TNH  |d TXA  |d UtOrBLW 
049 |a TXAM  |c [181306] 
050 0 0 |a Q171  |b .W8 
082 0 |a 504 
092 |a 504  |b W811s 
110 2 |a University of Wisconsin. 
245 1 0 |a Science and civilization /  |c edited by Robert C. Stauffer. 
264 1 |a Madison :  |b University of Wisconsin Press,  |c 1949. 
300 |a xiii, 212 pages ;  |c 22 cm. 
336 |a text  |b txt  |2 rdacontent 
337 |a unmediated  |b n  |2 rdamedia 
338 |a volume  |b nc  |2 rdacarrier 
505 0 |a Aristotle and the origins of science in the West, by R.P. McKeon.--Some unfamiliar aspects of medieval science, by L. Thorndike.--The definition of scientific method, by Mr. Black.--The meaning of reduction in the natural sciences, by E. Nagel.--Physics as a cultural force, by P.E. LeCorbeiller.--Science as a social influence, by F. Daniels.--Metaphors of human biology, by O. Temkin.--Science and society, by W.F. Ogburn. 
650 0 |a Science. 
650 0 |a Science  |x Philosophy. 
700 1 |a Stauffer, R. C.  |q (Robert C.) 
700 1 |a McKeon, Richard  |q (Richard Peter),  |d 1900-1985. 
999 |a MARS 
999 f f |s 33921862-6b74-3243-815e-af9131fde8d2  |i 29ff22f0-ce6a-3341-9c61-93423df8691c  |t 0 
952 f f |p ric  |a Texas A&M University  |b Rellis Campus  |c Joint Library Facility  |d Remote Storage  |t 0  |e Q171 .W8  |h Library of Congress classification  |i unmediated -- volume  |m A14800893442 
998 f f |a Q171 .W8  |t 0  |l Remote Storage